01090nam a22001697a 4500003000900000008004100009020001800050040007100068082002000139110002100159245006400180260003500244300006800279505052900347650001800876650002600894AR-CdUCM190329b           ||||| |||| 00| 0 spa d  a84-7069-143-0  aMUNICIPALIDAD PROVINCIAL DEL CUSCOcBIBLIOTECA MUNICIPAL DEL CUSCO  aEP / 510 /bM93  aEditorial Clasa   aEL Mundo de la Matemática :bCurso Teórico Práctico /  aBuenos Aires :bClasa ;c1987.  a96 páginas ;bFórmulas, fotografías, ilustraciones c31cm  aContenido: t.1: Historia de matemática -- Lenguaje simbólico -- Teoría de conjuntos -- Conjuntos especiales -- Conjuntos disjuntos complementarios...-- t.2: Números racionales -- Números decimales... -- t.3: Factoreo -- Mínimo común múltiplo -- Expresiones algebraicas fraccionarias -- Simplificación y operaciones -- Área y superficie -- Figuras equivalentes... --  t.4: Radicación -- Raíz enécima de un múmero -- Raíz de raíz -- Simplificación de radicales -- Mínimo común índice...  aEnciclopedia   aEducación primaria 